[Event "Vic Primavera op 1st"]
[White "Olcina Monells, Jordi"]
[Black "Mas Sayos, Lluis"]
[Site "Vic"]
[Round "5"]
[Result "1-0"]
[Date "2022.05.20"]
[WhiteElo "1780"]
[BlackElo "1612"]
[PlyCount "51"]
[EventDate "2022.04.22"]
[EventType "swiss"]
[EventRounds "8"]
[EventCountry "ESP"]
[SourceTitle "EXT 2023"]
[Source "ChessBase"]
[SourceDate "2022.10.05"]
[SourceVersion "1"]
[SourceVersionDate "2022.10.05"]
[SourceQuality "1"]

1. e4 c5 2. Nf3 d6 3. d4 cxd4 4. Nxd4 Nf6 5. Nc3 a6 6. Be2 e5 7. Nb3 Be7 8. Be3 0-0 9. 0-0 b5 10. f3 Bb7 11. a3 Nbd7 12. Qe1 d5 13. Nxd5 Nxd5 14. exd5 Bxd5 15. Rd1 Bxb3 16. cxb3 Qc7 17. Rc1 Qb7 18. Qa5 Rac8 19. a4 Bc5 20. Bxc5 Nxc5 21. Qb4 Ne6 22. Bd3 Qb6+ 23. Kh1 Rxc1 24. Rxc1 Qe3 25. Qc3 b4 26. Bxh7+ 1-0

[Event "Moia op 8th"]
[White "Mas Sayos, Lluis"]
[Black "Castano Sanchez, Tomas"]
[Site "Moia"]
[Round "5.10"]
[Result "0-1"]
[Date "2019.11.01"]
[WhiteElo "1707"]
[BlackElo "1455"]
[PlyCount "76"]
[EventDate "2019.09.20"]
[EventType "swiss"]
[EventRounds "8"]
[EventCountry "ESP"]
[SourceTitle "EXT 2024"]
[Source "ChessBase"]
[SourceDate "2023.10.10"]
[SourceVersion "1"]
[SourceVersionDate "2023.10.10"]
[SourceQuality "1"]

1. b3 e5 2. Bb2 d6 3. e4 a6 4. Nc3 Nf6 5. d3 b6 6. Nf3 Be7 7. Be2 Nc6 8. Qd2 Nd4 9. Nxd4 exd4 10. Nd5 c5 11. h3 Be6 12. Bf3 Bxd5 13. exd5 Nd7 14. Qf4 Ne5 15. Be4 Bg5 16. Qh2 Qf6 17. 0-0 Bf4 18. g3 Bd2 19. f4 Be3+ 20. Kh1 Ng6 21. Rf3 Qd8 22. Bc1 Bxc1 23. Rxc1 0-0 24. Qf2 f5 25. Re1 Ra7 26. h4 Raf7 27. h5 Nh8 28. g4 fxe4 29. dxe4 Re7 30. Kg2 Nf7 31. Kg3 Qc8 32. g5 Qe8 33. Qe2 b5 34. g6 hxg6 35. hxg6 Nh6 36. f5 Nxf5+ 37. Rxf5 Rxf5 38. Qg4 Rf6 0-1

[Event "Barcelona Sant Marti op-B 21st"]
[White "Bernat, Ernest"]
[Black "Mas Sayos, Lluis"]
[Site "Barcelona"]
[Round "5"]
[Result "1/2-1/2"]
[Date "2019.07.17"]
[WhiteElo "1823"]
[BlackElo "1695"]
[PlyCount "49"]
[EventDate "2019.07.13"]
[EventType "swiss"]
[EventRounds "9"]
[EventCountry "ESP"]
[SourceTitle "EXT 2020"]
[Source "ChessBase"]
[SourceDate "2019.10.17"]
[SourceVersion "1"]
[SourceVersionDate "2019.10.17"]
[SourceQuality "1"]

1. e4 c5 2. c3 d5 3. exd5 Qxd5 4. d4 e5 5. dxe5 Qxe5+ 6. Be3 Nf6 7. Nf3 Qc7 8. h3 Be7 9. Bc4 0-0 10. 0-0 Nc6 11. Nbd2 a6 12. a4 b6 13. Re1 Bb7 14. Rc1 Na5 15. Ba2 Rac8 16. Qc2 Nd5 17. Bb1 g6 18. Bh6 Rfe8 19. g3 Bf8 20. Bxf8 Kxf8 21. Qd3 Rxe1+ 22. Rxe1 Re8 23. Rxe8+ Kxe8 24. Qe4+ Qe7 25. Qxe7+ 1/2-1/2

[Event "Barcelona Sant Marti op-B 21st"]
[White "Mas Sayos, Lluis"]
[Black "Garcia Gonzalez, Juan"]
[Site "Barcelona"]
[Round "4"]
[Result "1-0"]
[Date "2019.07.16"]
[WhiteElo "1695"]
[BlackElo "1626"]
[PlyCount "181"]
[EventDate "2019.07.13"]
[EventType "swiss"]
[EventRounds "9"]
[EventCountry "ESP"]
[SourceTitle "EXT 2020"]
[Source "ChessBase"]
[SourceDate "2019.10.17"]
[SourceVersion "1"]
[SourceVersionDate "2019.10.17"]
[SourceQuality "1"]

1. d4 e6 2. c4 f5 3. Nc3 Nf6 4. Nf3 c6 5. d5 d6 6. dxe6 Bxe6 7. e3 Be7 8. Bd3 0-0 9. 0-0 d5 10. cxd5 Nxd5 11. Nd4 Bc8 12. Nxd5 Qxd5 13. Qc2 Qc5 14. Qb3+ Kh8 15. Bd2 Qb6 16. Qc2 Qc5 17. Bc3 Na6 18. a3 Nc7 19. Nb3 Qd5 20. Bc4 Qe4 21. Bd3 Qg4 22. Be5 Nd5 23. Rad1 Bf6 24. h3 Qg6 25. Bg3 Be7 26. Nd4 Bd7 27. Nf3 Qe8 28. Rfe1 Qc8 29. Bc4 Nf6 30. Ng5 h6 31. Nf7+ Kh7 32. Ne5 Be6 33. Be2 Nd7 34. Nxd7 Bxd7 35. Rd2 Be6 36. Bf3 Rd8 37. Red1 Rxd2 38. Rxd2 Qe8 39. e4 g6 40. exf5 Bxf5 41. Qb3 Bg5 42. Qxb7+ Kg8 43. Re2 Qd7 44. Qxc6 Qxc6 45. Bxc6 Rc8 46. Re8+ Rxe8 47. Bxe8 Bf6 48. b4 Kf8 49. Bb5 Ke7 50. Bf4 g5 51. Be3 Bb2 52. a4 Bc3 53. Bc5+ Kd8 54. Bc4 Bc8 55. Bb3 a6 56. b5 axb5 57. axb5 Kc7 58. Bc4 Bb7 59. Bd3 h5 60. Bg6 h4 61. Be3 Bf6 62. g3 hxg3 63. fxg3 Bc8 64. Kh2 Bd7 65. b6+ Kb7 66. Be4+ Kb8 67. Kg2 Bd8 68. Kf3 Bxh3 69. g4 Bf1 70. Bd4 Bxb6 71. Bxb6 Ba6 72. Bd8 Bc8 73. Bxg5 Bxg4+ 74. Kxg4 Kc7 75. Be3 Kd7 76. Bc5 Kc7 77. Kf4 Kd7 78. Ke5 Kc8 79. Ke6 Kd8 80. Bc6 Kc7 81. Be4 Kd8 82. Bb7 Kc7 83. Be4 Kd8 84. Bd6 Ke8 85. Bc7 Kf8 86. Kf6 Ke8 87. Bc6+ Kf8 88. Bd6+ Kg8 89. Kg6 Kh8 90. Be8 Kg8 91. Bf7+ 1-0

[Event "Barcelona Sant Marti op-B 20th"]
[White "Padin Jimenez, Oriol"]
[Black "Mas Sayos, Lluis"]
[Site "Barcelona"]
[Round "8"]
[Result "0-1"]
[Date "2018.07.20"]
[WhiteElo "1396"]
[BlackElo "1687"]
[PlyCount "132"]
[EventDate "2018.07.13"]
[EventType "swiss"]
[EventRounds "9"]
[EventCountry "ESP"]
[SourceTitle "EXT 2019"]
[Source "ChessBase"]
[SourceDate "2018.10.10"]
[SourceVersion "1"]
[SourceVersionDate "2018.10.10"]
[SourceQuality "1"]

1. e4 c5 2. Nf3 g6 3. d4 cxd4 4. Nxd4 Bg7 5. Be3 Nc6 6. Nc3 Nf6 7. f3 0-0 8. Qd2 d5 9. exd5 Nxd5 10. Nxc6 bxc6 11. Nxd5 Qxd5 12. Qxd5 cxd5 13. Rb1 Bf5 14. Bd3 Bxd3 15. cxd3 Rfc8 16. 0-0 Rc2 17. Rf2 Rxf2 18. Bxf2 a6 19. d4 Rc8 20. Be3 Rc4 21. Rd1 Rc2 22. Bc1 e6 23. Kf1 h5 24. f4 Kf8 25. a4 Rc4 26. b3 Rxd4 27. Rxd4 Bxd4 28. Ke2 Ke8 29. Kd3 Bg1 30. h3 Kd7 31. Kc3 Kc6 32. b4 Bf2 33. Kd3 Be1 34. Ba3 f6 35. Kd4 Bf2+ 36. Kd3 e5 37. fxe5 fxe5 38. Bb2 e4+ 39. Ke2 Bg1 40. Kf1 Ba7 41. Ke2 d4 42. Kd2 Kd5 43. Kc2 Kc4 44. g4 hxg4 45. hxg4 Kxb4 46. a5 d3+ 47. Kd2 Kc4 48. g5 Bd4 49. Bxd4 Kxd4 50. Ke1 Ke3 51. Kd1 Kf4 52. Kd2 Kxg5 53. Ke3 Kg4 54. Kd2 Kf3 55. Ke1 e3 56. Kd1 g5 57. Ke1 g4 58. Kd1 g3 59. Kc1 g2 60. Kb2 g1Q 61. Kc3 d2 62. Kb2 Qc1+ 63. Kb3 d1Q+ 64. Kb4 Qdd2+ 65. Ka4 Qcc2+ 66. Ka3 Qdc3# 0-1

[Event "Moia op 6th"]
[White "Castano Sanchez, Tomas"]
[Black "Mas Sayos, Lluis"]
[Site "Moia"]
[Round "7"]
[Result "0-1"]
[Date "2017.11.10"]
[WhiteElo "1339"]
[BlackElo "1662"]
[PlyCount "102"]
[EventDate "2017.09.22"]
[EventType "swiss"]
[EventRounds "8"]
[EventCountry "ESP"]
[SourceTitle "CBM 189 Extra"]
[Source "ChessBase"]
[SourceDate "2019.05.31"]
[SourceVersion "1"]
[SourceVersionDate "2019.05.31"]
[SourceQuality "1"]

1. d4 Nf6 2. Nc3 g6 3. e4 d6 4. Bg5 Nbd7 5. Qd2 h6 6. Bxf6 Nxf6 7. Bd3 Bg7 8. Nge2 a6 9. Nf4 e5 10. dxe5 dxe5 11. Nfd5 c6 12. Ne3 b5 13. a3 Be6 14. b3 Qc7 15. Qe2 Rd8 16. Rd1 0-0 17. 0-0 Qa5 18. Nb1 Nh5 19. c4 Nf4 20. Qc2 Rd4 21. Rd2 Rfd8 22. Rfd1 Bf8 23. b4 Qc7 24. c5 Qd7 25. Bf1 Be7 26. f3 Bg5 27. Rxd4 exd4 28. Kh1 d3 29. Qf2 Qd4 30. Ng4 Qxf2 31. Nxf2 Bb3 32. Rd2 Bc2 33. Nc3 Nxg2 34. Rxd3 Bxd3 35. Kxg2 Bxf1+ 36. Kxf1 Rd2 37. h3 Rc2 38. Nfd1 Bd2 39. Nb1 Rc1 40. Nxd2 Rxd1+ 41. Ke2 Ra1 42. e5 Rxa3 43. Ne4 Rb3 44. Nd6 Rxb4 45. Kd3 a5 46. Kc3 Rf4 47. Nb7 Rxf3+ 48. Kd4 a4 49. Na5 a3 50. Nxc6 a2 51. Ne7+ Kf8 0-1

[Event "Moia op 5th"]
[White "Vicente Soriano, Josep"]
[Black "Mas Sayos, Lluis"]
[Site "Moia"]
[Round "5"]
[Result "1/2-1/2"]
[Date "2016.10.28"]
[WhiteElo "1740"]
[BlackElo "1636"]
[PlyCount "47"]
[EventDate "2016.09.23"]
[EventType "swiss"]
[EventRounds "8"]
[EventCountry "ESP"]
[SourceTitle "EXT 2018"]
[Source "ChessBase"]
[SourceDate "2017.10.13"]
[SourceVersion "1"]
[SourceVersionDate "2017.10.13"]
[SourceQuality "1"]

1. d4 Nf6 2. c4 g6 3. Nc3 Bg7 4. e4 d6 5. Nf3 0-0 6. Be2 e5 7. dxe5 dxe5 8. Qxd8 Rxd8 9. Bg5 Be6 10. Nxe5 h6 11. Bh4 g5 12. Bg3 Na6 13. Nd3 Bxc4 14. 0-0-0 Nh5 15. Bxh5 Bxd3 16. f3 f5 17. exf5 Bxf5 18. Nd5 Be6 19. Bg4 Bf7 20. Nxc7 Nxc7 21. Bxc7 Rxd1+ 22. Rxd1 Bxa2 23. Rd7 b6 24. Bg3 1/2-1/2

[Event "Barcelona Sant Marti op-B 18th"]
[White "Orts Gonzalez, Rafael"]
[Black "Mas Sayos, Lluis"]
[Site "Barcelona"]
[Round "2.62"]
[Result "0-1"]
[Date "2016.07.14"]
[WhiteElo "1191"]
[BlackElo "1643"]
[PlyCount "38"]
[EventDate "2016.07.13"]
[EventType "swiss"]
[EventRounds "9"]
[EventCountry "ESP"]
[SourceTitle "EXT 2024"]
[Source "ChessBase"]
[SourceDate "2023.10.10"]
[SourceVersion "1"]
[SourceVersionDate "2023.10.10"]
[SourceQuality "1"]

1. a3 g6 2. d4 Bg7 3. c3 d5 4. Bf4 Nf6 5. h3 Nbd7 6. Nf3 c5 7. Qc1 cxd4 8. cxd4 0-0 9. Bh6 Qb6 10. Ne5 Bxh6 11. Nxd7 Bxd7 12. Qxh6 Qxb2 13. e3 Ne4 14. Qf4 Qxa1 15. Bd3 Bb5 16. Bxe4 dxe4 17. Qxe4 Rac8 18. g3 Rc1+ 19. Kd2 Qb2+ 0-1

[Event "Vall del Tenes op 5th"]
[White "Mas Sayos, Lluis"]
[Black "Sola Lluch, Miquel"]
[Site "Vall del Tenes"]
[Round "7"]
[Result "1/2-1/2"]
[Date "2016.06.03"]
[WhiteElo "1652"]
[BlackElo "1932"]
[PlyCount "156"]
[EventDate "2016.04.08"]
[EventType "swiss"]
[EventRounds "8"]
[EventCountry "ESP"]
[SourceTitle "CBM 172 Extra"]
[Source "ChessBase"]
[SourceDate "2016.06.21"]
[SourceVersion "1"]
[SourceVersionDate "2016.06.21"]
[SourceQuality "1"]

1. e4 d5 2. exd5 Qxd5 3. Nc3 Qa5 4. d4 Nf6 5. h3 c6 6. Bd3 g6 7. Nf3 Bg7 8. 0-0 0-0 9. Re1 Re8 10. Bd2 Qd8 11. Ne2 Nbd7 12. Bf4 Nd5 13. Bh2 a5 14. c3 f6 15. Nf4 Nxf4 16. Bxf4 e5 17. Bc4+ Kh8 18. dxe5 Nxe5 19. Nxe5 fxe5 20. Qxd8 Rxd8 21. Bxe5 Bxe5 22. Rxe5 Bf5 23. g4 Bc2 24. Rae1 b5 25. Bf1 Rd2 26. Re8+ Rxe8 27. Rxe8+ Kg7 28. Re2 Rxe2 29. Bxe2 b4 30. f4 h6 31. Kf2 Kf6 32. Ke3 c5 33. h4 g5 34. fxg5+ hxg5 35. h5 Ba4 36. Bd3 Bd7 37. Kf3 Bc6+ 38. Be4 Bd7 39. h6 Bc8 40. h7 Kg7 41. Kg3 Bd7 42. cxb4 axb4 43. Kf3 Be6 44. a3 Bb3 45. axb4 cxb4 46. Bf5 Bf7 47. Ke3 Bc4 48. Kd4 Be2 49. Kc5 b3 50. Kb4 Bd1 51. Kc3 Kh8 52. Kd2 Bf3 53. Ke3 Bd1 54. Kd4 Kg7 55. Ke5 Bc2 56. h8Q+ Kxh8 57. Kf6 Kg8 58. Be6+ Kh8 59. Kxg5 Kg7 60. Kf4 Kf6 61. Bc8 Kg6 62. Bd7 Kf6 63. g5+ Kg6 64. Be8+ Kg7 65. Bh5 Bd3 66. Ke3 Bf5 67. Kd4 Be6 68. Kc3 Bd5 69. Bd1 Kg6 70. Bxb3 Bb7 71. Kd4 Kxg5 72. Bd5 Ba6 73. Kc5 Kf6 74. b4 Ke7 75. Bc6 Kd8 76. Bb5 Bb7 77. Kb6 Kc8 78. Bd7+ Kb8 1/2-1/2

[Event "Moia op 4th"]
[White "Castrillon Otero, Javier"]
[Black "Mas Sayos, Lluis"]
[Site "Moia"]
[Round "1"]
[Result "1-0"]
[Date "2015.09.18"]
[WhiteElo "2169"]
[BlackElo "1856"]
[PlyCount "75"]
[EventDate "2015.09.18"]
[EventType "swiss"]
[EventRounds "8"]
[EventCountry "ESP"]
[SourceTitle "EXT 2017"]
[Source "ChessBase"]
[SourceDate "2016.10.25"]
[SourceVersion "1"]
[SourceVersionDate "2016.10.25"]
[SourceQuality "1"]

1. d4 Nf6 2. c4 g6 3. Nc3 Bg7 4. e4 d6 5. Be2 0-0 6. Bg5 h6 7. Be3 e5 8. d5 Nbd7 9. g4 Ne8 10. Qc2 c6 11. h4 cxd5 12. cxd5 a6 13. h5 g5 14. Nh3 Ndf6 15. f3 Bd7 16. Nf2 Rc8 17. 0-0 b5 18. Qb3 Qc7 19. Rac1 Qb8 20. Nd3 a5 21. a3 Nc7 22. Na2 Na8 23. Rxc8 Rxc8 24. Rc1 Rxc1+ 25. Ndxc1 Ne8 26. Qc3 Qc7 27. Nb3 Qxc3 28. Nxc3 Nec7 29. Nxa5 Bf6 30. Nc6 Kf8 31. Nxb5 Nxb5 32. Bxb5 Ke8 33. Na7 Bd8 34. Kf1 Bb6 35. Bxd7+ Kxd7 36. Ke2 Kc7 37. Nc6 Kd7 38. Bxg5 1-0

[Event "Barcelona Sant Marti op-B 17th"]
[White "Mas Sayos, Lluis"]
[Black "Domenche Redondo, Francesco"]
[Site "Barcelona"]
[Round "9"]
[Result "1-0"]
[Date "2015.07.21"]
[WhiteElo "1863"]
[BlackElo "1947"]
[PlyCount "91"]
[EventDate "2015.07.13"]
[EventType "swiss"]
[EventRounds "9"]
[EventCountry "ESP"]
[SourceTitle "EXT 2016"]
[Source "ChessBase"]
[SourceDate "2015.10.08"]
[SourceVersion "1"]
[SourceVersionDate "2015.10.08"]
[SourceQuality "1"]

1. c4 e6 2. e4 c6 3. d4 d5 4. Nc3 dxe4 5. Nxe4 Nf6 6. Nxf6+ Qxf6 7. Nf3 h6 8. Bd2 Bd6 9. Bc3 Qe7 10. a3 Nd7 11. Bd3 0-0 12. 0-0 Nf6 13. Re1 Qc7 14. Ne5 Bd7 15. b4 Rfe8 16. Bc2 Bxe5 17. dxe5 Nh7 18. Qd3 Nf8 19. Rad1 Rad8 20. Qg3 Bc8 21. Rd6 f5 22. Red1 Qe7 23. h4 Nh7 24. R1d4 Rxd6 25. exd6 Qd7 26. Rd1 Nf8 27. c5 Qf7 28. Bb3 Bd7 29. a4 a6 30. Bc4 Qg6 31. Qe5 Qf7 32. Rd3 Ng6 33. Qh2 h5 34. Rg3 Kh7 35. Rg5 Kh6 36. Be2 Nh8 37. Rxg7 Qxg7 38. Bxg7+ Kxg7 39. Bxh5 Rf8 40. Qg3+ Kh7 41. Qg5 Rg8 42. Qe7+ Rg7 43. Qd8 e5 44. Be8 Be6 45. d7 Bd5 46. Qg5 1-0

[Event "Barcelona Sant Marti op-B 17th"]
[White "Mas Sayos, Lluis"]
[Black "Gonzalez Moreno, Antoni"]
[Site "Barcelona"]
[Round "7"]
[Result "0-1"]
[Date "2015.07.19"]
[WhiteElo "1863"]
[BlackElo "1945"]
[PlyCount "40"]
[EventDate "2015.07.13"]
[EventType "swiss"]
[EventRounds "9"]
[EventCountry "ESP"]
[SourceTitle "EXT 2016"]
[Source "ChessBase"]
[SourceDate "2015.10.08"]
[SourceVersion "1"]
[SourceVersionDate "2015.10.08"]
[SourceQuality "1"]

1. d4 d5 2. c4 e6 3. e3 Nf6 4. Nf3 Be7 5. Nc3 Nbd7 6. Bd3 a6 7. 0-0 dxc4 8. Bxc4 b5 9. Bd3 Bb7 10. a3 c5 11. Qe2 0-0 12. e4 cxd4 13. Nxd4 Ne5 14. Bc2 Qxd4 15. Bg5 Rfe8 16. Be3 Qc4 17. f3 Qxe2 18. Nxe2 Nc4 19. Bd4 Rac8 20. Bb3 Nd2 0-1

[Event "Vall del Tenes op 4th"]
[White "Mas Sayos, Lluis"]
[Black "Barcons Gallach, Alfonso"]
[Site "Santa Eulalia de Roncana"]
[Round "5"]
[Result "0-1"]
[Date "2015.05.15"]
[WhiteElo "1879"]
[BlackElo "1759"]
[PlyCount "76"]
[EventDate "2015.04.10"]
[EventType "swiss"]
[EventRounds "8"]
[EventCountry "ESP"]
[SourceTitle "CBM 166 Extra"]
[Source "ChessBase"]
[SourceDate "2015.06.18"]
[SourceVersion "1"]
[SourceVersionDate "2015.06.18"]
[SourceQuality "1"]

1. e4 e5 2. Nf3 Nc6 3. Bb5 a6 4. Ba4 Nf6 5. 0-0 b5 6. Bb3 Be7 7. Re1 0-0 8. c3 Bb7 9. d3 Na5 10. Bc2 Nc6 11. Nbd2 d5 12. exd5 Qxd5 13. Qe2 Rfe8 14. Bb3 Qd7 15. Ng5 Nd5 16. Nde4 Na5 17. Qh5 Qf5 18. Ng3 Qg6 19. Qxg6 hxg6 20. Bxd5 Bxd5 21. Rxe5 Rad8 22. Re1 Bf6 23. Bf4 c6 24. N5e4 Bxe4 25. dxe4 Nc4 26. Rab1 Be5 27. Bxe5 Nxe5 28. Kf1 Rd2 29. Re2 Red8 30. Ke1 R2d6 31. f3 Nd3+ 32. Kf1 Nf4 33. Rc2 Rd2 34. Rbc1 Nxg2 35. Ne2 Ne3+ 36. Kf2 Nxc2 37. f4 R8d3 38. e5 Re3 0-1

[Event "Vall del Tenes op 4th"]
[White "Cordomi Fons, Francesco"]
[Black "Mas Sayos, Lluis"]
[Site "Santa Eulalia de Roncana"]
[Round "4"]
[Result "1-0"]
[Date "2015.05.08"]
[WhiteElo "2067"]
[BlackElo "1879"]
[PlyCount "47"]
[EventDate "2015.04.10"]
[EventType "swiss"]
[EventRounds "8"]
[EventCountry "ESP"]
[SourceTitle "CBM 166 Extra"]
[Source "ChessBase"]
[SourceDate "2015.06.18"]
[SourceVersion "1"]
[SourceVersionDate "2015.06.18"]
[SourceQuality "1"]

1. e4 c5 2. Nf3 e6 3. d4 cxd4 4. Nxd4 a6 5. c4 Qc7 6. Be2 Nf6 7. f3 Nc6 8. Nb3 d6 9. Bf4 b6 10. Nc3 Be7 11. Rc1 0-0 12. Nd5 Qd8 13. Nxe7+ Nxe7 14. Qxd6 Ng6 15. Qxd8 Rxd8 16. Bc7 Rd7 17. Bxb6 Nf4 18. g3 Nxe2 19. Kxe2 Rb7 20. Rhd1 Rd7 21. Nc5 Rxd1 22. Rxd1 Kf8 23. e5 Ne8 24. Ne4 1-0